000 01063nam a2200265 i 4500
001 54679
003 ES-MaACL
005 20230906163011.0
007 t|
008 040112r20011935sp ||||0| spa d
020 _a84-9718-021-6
040 _aM-BN
_bspa
_cM-BN
080 _a016:34(460.18)(04)(093)
100 1 _aGil Ayuso, Faustino.
_956767
245 1 0 _aNoticia bibliográfica de textos y disposiciones legales de los reinos de Castilla impresos en los siglos XVI y XVII /
_cFaustino Gil Ayuso ; prefacio, Benjamín González Alonso.
260 _a[Valladolid] :
_bConsejería de Educación y Cultura,
_c2001.
300 _a15, X, 465 p ;
_c28 cm.
490 1 _aLa imprenta, libros y libreros ;
_v9
534 _pReprod. de la ed. de:
_c-- Madrid : Patronato de la Biblioteca Nacional, 1935.
650 1 4 _aDerecho-
_zCastilla (Reino)-
_vFuentes-
_vBibliografías.
_911605
700 1 _aGonzález Alonso, Benjamín.
_958410
830 0 _aLa imprenta, libros y libreros ;
_v9
_9179868
852 _aES-MaACL
_jL-26751
_bR.132410
999 _c54679
_d54679